Scherzfragen - Statistiken

Allgemein
  • Dieses Quiz wurde 1.264 mal gespielt
  • Das Durchschnittsergebnis liegt bei 5 aus 15
Antwortstatistiken
Hint Antwort % Korrekt
Welchen Tisch kann man essen? Nachtisch
80%
Wer ist meist früher am Tatort als die Polizei? Täter
79%
Welches Brot kann man nicht zum Frühstück essen? Abendbrot
67%
In welchen Zug passt nur ein Mensch, egal wie sehr man sich anstrengt? Anzug
51%
Was gehört dir, wird aber meistens nur von anderen benutzt? Name
37%
Was trinken Führungskräfte? Leitungswasser
36%
Welche Leiter nützt der Feuerwehr nichts? Tonleiter
29%
Was schmeckt besser als es riecht? Zunge
27%
Wer trägt eine Brille und kann nicht sehen? Nase
26%
Wer hat noch nie die Sonne gesehen? Schatten
26%
Was hat viele kleine Zähne, aber keinen Mund? Säge
21%
Wer lebt von der Hand im Mund? Zahnarzt
19%
Welches Tier hat das meiste Geld? Sparschwein
14%
Was geht über Wasser ohne nass zu werden? Brücke
9%
Was hat zwei Beine, kann aber nicht laufen? Hose
8%
Keine übereinstimmenden Quizze gefunden
Verteilung der Resultate
Anzahl Personen mit jedem Resultat
Perzentil nach korrekt beantworteten Fragen
Ihre Resultats-Entwicklung
Sie haben dieses Quiz noch nicht gespielt